书目信息 |
| 题名: |
玩在宋朝
|
|
| 作者: | 于左 著 | |
| 分册: | ||
| 出版信息: | 北京 商务印书馆 2012.10 |
|
| 页数: | 275页 | |
| 开本: | 21cm | |
| 丛书名: | ||
| 单 册: | ||
| 中图分类: | G249.29 | |
| 科图分类: | ||
| 主题词: | 文娱活动--文化史--中国--宋代 | |
| 电子资源: | ||
| ISBN: | 978-7-100-06971-7 | |
| 000 | 01034nam0 2200229 45 | |
| 001 | 1355723186 | |
| 005 | 20130515145838.67 | |
| 010 | @a978-7-100-06971-7@dCNY25.00 | |
| 100 | @a20130108d2012 em y0chiy0121 ea | |
| 101 | 0 | @achi |
| 102 | @aCN@b110000 | |
| 105 | @aa z 000yy | |
| 106 | @ar | |
| 200 | 1 | @a玩在宋朝@AWan Zai Song Chao@f于左著@FYu Zuo Zhu |
| 210 | @a北京@c商务印书馆@d2012.10 | |
| 215 | @a275页@c图@d21cm | |
| 330 | @a本书主要介绍宋朝人的娱乐生活, 一般以一种玩意儿为一章, 介绍其传承沿袭的历史, 罗列与之相关的宋人趣事和诗词。主要内容包括相扑、蹴鞠、打马、除红、皮影、傀儡、幻术、禽虫、商谜、捶丸等, 一共二十二种。本书依据的绝大部分为古籍资料, 包括宋代诗词、历代诗话词话、宋人笔记、《宋史》和同时代的《辽史》与《金史》。本书追求趣味, 追求博与雅, 克制笔墨, 尽量做到语有所本, 凸显玩意儿本身的魅力, 同时注重故事性, 搜罗与每种条目有关的宋人逸事。 | |
| 606 | 0 | @a文娱活动@x文化史@y中国@z宋代 |
| 690 | @aG249.29@v5 | |
| 701 | 0 | @a于左@AYu Zuo@4著 |
| 801 | @aCN@bTANGWEI@c20130112 | |
| 905 | @b0832030-34@dG249.29@e16@f5 | |
| 玩在宋朝/于左著.-北京:商务印书馆,2012.10 |
| 275页:图;21cm |
| ISBN 978-7-100-06971-7:CNY25.00 |
| 本书主要介绍宋朝人的娱乐生活, 一般以一种玩意儿为一章, 介绍其传承沿袭的历史, 罗列与之相关的宋人趣事和诗词。主要内容包括相扑、蹴鞠、打马、除红、皮影、傀儡、幻术、禽虫、商谜、捶丸等, 一共二十二种。本书依据的绝大部分为古籍资料, 包括宋代诗词、历代诗话词话、宋人笔记、《宋史》和同时代的《辽史》与《金史》。本书追求趣味, 追求博与雅, 克制笔墨, 尽量做到语有所本, 凸显玩意儿本身的魅力, 同时注重故事性, 搜罗与每种条目有关的宋人逸事。 |
| ● |
| 相关链接 |
|
|
|
|
正题名:玩在宋朝
索取号:G249.29/16
 
预约/预借
| 序号 | 登录号 | 条形码 | 馆藏地/架位号 | 状态 | 备注 |
| 1 | 0832030 | 208320306 | 第一样本阅览室/ [索取号:G249.29/16] | 在馆 | |
| 2 | 0832031 | 208320315 | 第四借阅区/ [索取号:G249.29/16] | 在馆 | |
| 3 | 0832032 | 208320324 | 第四借阅区/ [索取号:G249.29/16] | 在馆 | |
| 4 | 0832033 | 208320333 | 第四借阅区/ [索取号:G249.29/16] | 在馆 | |
| 5 | 0832034 | 208320342 | 第四借阅区/ [索取号:G249.29/16] | 在馆 |